<?xml version="1.0" encoding="UTF-8"?>
<record
    xmlns:xsi="http://www.w3.org/2001/XMLSchema-instance"
    xsi:schemaLocation="http://www.loc.gov/MARC21/slim http://www.loc.gov/standards/marcxml/schema/MARC21slim.xsd"
    xmlns="http://www.loc.gov/MARC21/slim">

  <leader>00414nam a2200109Ia 4500</leader>
  <controlfield tag="008">171211s9999    xx            000 0 und d</controlfield>
  <datafield tag="245" ind1=" " ind2=" ">
    <subfield code="a">Developing Web Components: Ui From Jquery To Polymer</subfield>
  </datafield>
  <datafield tag="245" ind1=" " ind2=" ">
    <subfield code="c">Jarrod Overson and Jason Strimpel</subfield>
  </datafield>
  <datafield tag="260" ind1=" " ind2=" ">
    <subfield code="c">2015</subfield>
  </datafield>
  <datafield tag="650" ind1=" " ind2=" ">
    <subfield code="x">Web Development</subfield>
  </datafield>
  <datafield tag="856" ind1=" " ind2=" ">
    <subfield code="u">https://docs.google.com/spreadsheets/d/1TBWZhI-07a-DZ4fE7lslYtxl1Xz5tEnX6E0Tsto4IXI/edit?ts=5a1e1782#gid=1373124554</subfield>
  </datafield>
  <datafield tag="999" ind1=" " ind2=" ">
    <subfield code="c">350126</subfield>
    <subfield code="d">350126</subfield>
  </datafield>
  <datafield tag="952" ind1=" " ind2=" ">
    <subfield code="0">0</subfield>
    <subfield code="1">0</subfield>
    <subfield code="4">0</subfield>
    <subfield code="a">CL</subfield>
    <subfield code="b">CL</subfield>
    <subfield code="d">2017-12-11</subfield>
    <subfield code="l">0</subfield>
    <subfield code="r">2017-12-11 00:00:00</subfield>
    <subfield code="w">2017-12-11</subfield>
    <subfield code="y">CBE</subfield>
  </datafield>
</record>
